000
00201 a2200097 4500
001
7133
100
_a
Mittleman, J
245
_a
Circuit theory analysis
260
_a
_b
Iliffe
_c
090
_c
5902
_d
5902
942
_a
NUST-CAE
_c
M
_c
32381
999
_c
242206
_d
242206